Statistics for Google Translated Book Titles

Click here to take the quiz!

General Stats

  • This quiz has been taken 19 times
  • The average score is 8 of 15

Answer Stats

HintAnswer% Correct
About Mice and PeopleOf Mice and Men
100%
Pride and HatredPride and Prejudice
100%
Nineteen Twenty-Four1984
84%
Illustrated by Doreen GrayThe Picture of Dorian Gray
84%
She is a Small WomenLittle Women
74%
Tail CatcherThe Catcher in the Rye
63%
Damn it, DanteDante's Inferno
58%
The Bell BowlThe Bell Jar
58%
Kill a Little GirlTo Kill a Mockingbird
58%
Who Rang the BellFor Whom the Bell Tolls
47%
Nucleus FinHuckleberry Finn
26%
Weapons, Jars, SteelGuns, Germs, and Steel
21%
Ring IslandThe Lord of the Rings
21%
Gives PlantsThe Giving Tree
16%
EvolutionThe Metamorphosis
11%

Score Distribution

Percentile by Number Answered

Percent of People with Each Score

Your Score History

You have not taken this quiz